000 01375nam1a2200325 i 4500
001 RU\NLR\BIBL_A\012035481
005 20260607075015.0
010 _a9785444461112
035 _a(NLR Aleph) 012035481
090 _a11574077
_c11574077
100 _a20190613g20199999um y0rusy50 ca
101 1 _arus
_cfre
102 _aRU
105 _a||||z||||||||
200 1 _aСальватор
_eроман
_eв 2 т.
_fАлександр Дюма
_g[пер. с фр. В.В. Егорова
_gиллюстрации Ж. Дезандре и Ф. Филиппото]
210 _aМосква
_cВече
_d2019
215 _d21
225 1 _aИллюстрированное собрание сочинений
311 _a2-й роман эпопеи "Парижские могикане"
333 _a16+
488 0 _12001#$aПарижские могикане$eэпопея
_tПарижские могикане
686 1 _aШ6(4Фр)57-440.4{Лх1646-45}
700 1 _7ca
_8rus
_aДюма
_bА.
_cотец
_f1802-1870
_gАлександр
_9116800
_3RU\NLR\AUTH\776853
702 1 _4440
_7ca
_8rus
_aДезандре
_bЖ.
_gЖюль
_9174551
_3RU\NLR\AUTH\770174602
702 1 _4440
_7ca
_8rus
_aФилиппото
_bФ.
_f1815-1884
_gФеликс
_3RU\NLR\AUTH\770205831
_9205779
852 _aNLR
_j2019-3/15897
942 _cBOOK
980 _aNBR